000 00549nam a2200169 i 4500
001 49985
003 ES-MaACL
005 20230906162110.0
007 t|
008 030728s1946 ag ||||1| spa d
100 1 _aCressey, George Babcock.
_941563
245 1 0 _aTierras y pueblos de Asia /
_cGeorge Babcock Cressey ; traducción de Miguel de Hernani.
260 _aBuenos Aires :
_bEdit. Sudamericana,
_c[1946] (
_fImpresora Argentina)
300 _a667 p. ;
_c27 cm.
700 1 _aHernani, Miguel de.
_963115
852 _aES-MaACL
_jA-169
_bR.29656
999 _c49985
_d49985